Pohronský úderník

Uložené v:
Podrobná bibliografia
Médium: Časopis
Vydané: Vyhne ; Hliník n/Hronom : ZO KSS, ZO ROH, ZO ČSM a vedenie podniku
Tagy: Pridať tag
Žiadne tagy, Buďte prvý kto otaguje tento záznam!

MARC

LEADER 00000nas a2200000 a 4500
001 000306921
003 SVKK
005 20040720102856.0
008 040720u r|p||| |0 a0
040 |a KE001  |b slo 
245 0 0 |a Pohronský úderník 
260 |a Vyhne ;  |a Hliník n/Hronom :  |b ZO KSS, ZO ROH, ZO ČSM a vedenie podniku 
852 |b CASOS  |c DEP  |h C.331  |4 Casopisy SVK  |5 Sklad 
910 |a KE001  |b C.331 
998 |a SE 
090 |g CASOS  |k Sklad Pribinova suterén  |a C.331  |j 1540  |i 2720581924  |7 R.1953-1955 zviazané spolu; neúplný  |s Zviazaný časopis